| 000 | 00392nam a2200157 a 4500 | ||
|---|---|---|---|
| 005 | 20140513081048.0 | ||
| 008 | 020906s19uu xx 00 eng d | ||
| 050 | _aP 390 2001 | ||
| 245 | _aDo's & don'ts. | ||
| 260 |
_aQuezon City, Philippines : _bMabuhay Boardgames, _c2001. |
||
| 300 | _aPoster | ||
| 440 | _aTeacher's Choice | ||
| 650 | _aRules | ||
| 650 | _aPolicies | ||
| 999 |
_c116246 _d116246 |
||